[Event "IECC O-2760"]
[Site "IECC email"]
[Date "2008.03.22"]
[Round "?"]
[White "Owen, Keith"]
[Black "Von Rosenberg, Clemens"]
[Result "1/2-1/2"]
[WhiteElo "1415"]
[BlackElo "1562"]
[PlyCount "32"]
[EventDate "2008.??.??"]
[EventType "swiss (corr)"]
[EventRounds "2"]
[SourceTitle "Corr 2013"]
[Source "ChessBase"]
[SourceDate "2012.11.12"]
[SourceVersion "1"]
[SourceVersionDate "2012.11.12"]
[SourceQuality "1"]
[WhiteTeam "Australia"]
[BlackTeam "Canada"]
[WhiteTeamCountry "AUS"]
[BlackTeamCountry "CAN"]

1. e4 d6 2. d4 e5 3. dxe5 dxe5 4. Qd5 Qxd5 5. exd5 Nf6 6. Nc3 Bf5 7. Kd1 Nbd7 8. Bb5 0-0-0 9. Bd3 e4 10. Bb5 Nb6 11. Bg5 Nbxd5 12. Ke1 Nxc3 13. bxc3 Be6 14. Bxf6 gxf6 15. Rd1 Rxd1+ 16. Kxd1 Rg8 1/2-1/2

[Event "IECC Swiss-492.4"]
[Site "IECC email"]
[Date "2006.06.13"]
[Round "?"]
[White "Garcia, Arsenio"]
[Black "Owen, Keith"]
[Result "0-1"]
[WhiteElo "1057"]
[BlackElo "1388"]
[PlyCount "36"]
[EventDate "2006.??.??"]
[EventType "swiss (corr)"]
[EventRounds "1"]
[SourceTitle "Corr 2020"]
[Source "ChessBase"]
[SourceDate "2019.09.30"]
[SourceVersion "1"]
[SourceVersionDate "2019.09.30"]
[SourceQuality "1"]
[WhiteTeam "Philippines"]
[BlackTeam "Wales"]
[WhiteTeamCountry "PHI"]
[BlackTeamCountry "WLS"]

1. e4 e5 2. Nf3 Nc6 3. Bc4 Nf6 4. Ng5 d5 5. exd5 Na5 6. Bb5+ c6 7. dxc6 bxc6 8. Bf1 h6 9. Nf3 e4 10. Qe2 Be7 11. Ng1 0-0 12. g3 Bc5 13. Bh3 Nd7 14. Nc3 Re8 15. Na4 Bd6 16. d3 exd3 17. Qxe8+ Qxe8+ 18. Be3 Qe4 0-1

[Event "IECC O-2361"]
[Site "IECC email"]
[Date "2006.03.07"]
[Round "?"]
[White "Owen, Keith"]
[Black "Seep, Elmar"]
[Result "0-1"]
[WhiteElo "1415"]
[BlackElo "1280"]
[PlyCount "108"]
[EventDate "2006.??.??"]
[EventType "swiss (corr)"]
[EventRounds "2"]
[SourceTitle "Corr 2020"]
[Source "ChessBase"]
[SourceDate "2019.09.30"]
[SourceVersion "1"]
[SourceVersionDate "2019.09.30"]
[SourceQuality "1"]
[WhiteTeam "Wales"]
[BlackTeam "Estonia"]
[WhiteTeamCountry "WLS"]
[BlackTeamCountry "EST"]

1. e4 d6 2. d4 Nf6 3. Nc3 g6 4. f4 Bg7 5. Nf3 0-0 6. e5 dxe5 7. fxe5 Nd5 8. Bc4 Be6 9. Nxd5 Bxd5 10. Bxd5 Qxd5 11. 0-0 c5 12. c3 Nc6 13. b3 cxd4 14. cxd4 Rfd8 15. Bb2 f6 16. Qe2 Re8 17. Rac1 Rac8 18. Qe3 Nb4 19. a3 Nc6 20. Rc5 Qd7 21. e6 Qd6 22. Rfc1 a6 23. d5 Na7 24. Bd4 Qb8 25. a4 Rxc5 26. Rxc5 Rc8 27. Ra5 Qc7 28. b4 Qc1+ 29. Qxc1 Rxc1+ 30. Kf2 Nc8 31. Rc5 Rxc5 32. bxc5 Kf8 33. c6 bxc6 34. dxc6 Bh6 35. Kg3 Ke8 36. a5 Kd8 37. Bb6+ Nxb6 38. axb6 Be3 39. b7 Kc7 40. h4 Ba7 41. h5 Kxc6 42. Nh4 Kxb7 43. Nxg6 Bc5 44. h6 a5 45. Nf8 a4 46. Nxh7 f5 47. Ng5 a3 48. h7 Bd4 49. Nf3 Bc3 50. Nd2 a2 51. Nb3 Kb6 52. Kf4 Kb5 53. Kxf5 Kb4 54. Na1 Bxa1 0-1

[Event "IECC TH-M-2588"]
[Site "IECC email"]
[Date "2006.01.28"]
[Round "?"]
[White "Owen, Keith"]
[Black "Stilman, Eduardo"]
[Result "0-1"]
[WhiteElo "1412"]
[BlackElo "1558"]
[PlyCount "113"]
[EventDate "2006.??.??"]
[EventType "match (corr)"]
[EventRounds "2"]
[SourceTitle "Corr 2008"]
[Source "ChessBase"]
[SourceDate "2008.06.24"]
[SourceVersion "1"]
[SourceVersionDate "2008.06.24"]
[SourceQuality "1"]

1. e4 e5 2. Nf3 Nc6 3. Bb5 a6 4. Ba4 Nf6 5. d4 exd4 6. e5 Ne4 7. 0-0 Be7 8. Nxd4 0-0 9. Nf5 d5 10. Nxe7+ Nxe7 11. Bb3 Be6 12. Nd2 Nc5 13. Re1 Ng6 14. Nf3 Re8 15. Bg5 Qd7 16. c4 dxc4 17. Qxd7 Nxd7 18. Bc2 Bg4 19. Be4 Nc5 20. Bxg6 fxg6 21. Nd2 Be6 22. Re3 h6 23. Bh4 g5 24. Bg3 Rad8 25. Re2 Nd3 26. Ne4 g4 27. Nc3 b5 28. Rb1 b4 29. Nd1 g5 30. Ne3 h5 31. h4 gxh3 32. gxh3 h4 33. Bh2 Rf8 34. Ng4 Rf3 35. Kg2 Bd5 36. Kg1 Rxh3 37. Nf6+ Kf7 38. Nxd5 Rxd5 39. e6+ Ke7 40. Kg2 g4 41. Bxc7 Rf3 42. Kg1 Rc5 43. Bd6+ Kxd6 44. e7 Rc8 45. e8Q Rxe8 46. Rxe8 Nxf2 47. Ra8 Nh3+ 48. Kh1 Rf2 49. Rxa6+ Kc5 50. Ra5+ Kb6 51. Rh5 g3 52. Rh6+ Kc5 53. Rh5+ Kd6 54. Rh6+ Ke7 55. Re1+ Kf7 56. Rh7+ Kg6 57. Re6+ 0-1

[Event "IECC O-2338"]
[Site "IECC email"]
[Date "2006.01.18"]
[Round "?"]
[White "Owen, Keith"]
[Black "Zaid, Charles"]
[Result "1-0"]
[WhiteElo "1398"]
[BlackElo "1485"]
[PlyCount "57"]
[EventDate "2006.??.??"]
[EventType "swiss (corr)"]
[EventRounds "2"]
[SourceTitle "Corr 2020"]
[Source "ChessBase"]
[SourceDate "2019.09.30"]
[SourceVersion "1"]
[SourceVersionDate "2019.09.30"]
[SourceQuality "1"]
[WhiteTeam "Wales"]
[BlackTeam "Singapore"]
[WhiteTeamCountry "WLS"]
[BlackTeamCountry "SIN"]

1. e4 e5 2. Nf3 d5 3. exd5 Qxd5 4. Nc3 Qd6 5. Bc4 Nc6 6. 0-0 Na5 7. Nxe5 Nxc4 8. Nxc4 Qc6 9. d3 Nf6 10. Bg5 Be6 11. Ne5 Qd6 12. Bxf6 gxf6 13. Nc4 Bxc4 14. dxc4 0-0-0 15. Qf3 Qe6 16. Nd5 Bg7 17. Qg3 Rd6 18. Rae1 Qd7 19. Re7 Qd8 20. Rxc7+ Kb8 21. Rxf7 Ka8 22. Nc7+ Kb8 23. Ne6 Bf8 24. Nxd8 Kc8 25. Nxb7 Rd7 26. Rxd7 Kxd7 27. Rd1+ Ke7 28. Qc7+ Ke6 29. Qd7+ 1-0

[Event "IECC O-2326"]
[Site "IECC email"]
[Date "2006.01.09"]
[Round "?"]
[White "Stilman, Eduardo"]
[Black "Owen, Keith"]
[Result "1-0"]
[WhiteElo "1470"]
[BlackElo "1442"]
[PlyCount "71"]
[EventDate "2006.??.??"]
[EventType "swiss (corr)"]
[EventRounds "2"]
[SourceTitle "Corr 2008"]
[Source "ChessBase"]
[SourceDate "2008.06.24"]
[SourceVersion "1"]
[SourceVersionDate "2008.06.24"]
[SourceQuality "1"]

1. e4 e5 2. Nc3 Nc6 3. Bc4 Bc5 4. Qg4 g6 5. Qf3 Qf6 6. Nd5 Qxf3 7. Nxf3 Kd8 8. d3 f6 9. c3 a6 10. b4 Ba7 11. Bb3 d6 12. a4 Bg4 13. Nd2 a5 14. b5 Nce7 15. Ne3 Bd7 16. Nec4 f5 17. Ba3 Bb8 18. d4 exd4 19. cxd4 fxe4 20. Nxe4 Nh6 21. d5 Nhf5 22. Bb2 Rf8 23. Nf6 Rf7 24. Rd1 Ba7 25. Ne4 Nh4 26. 0-0 Rf4 27. Rfe1 Rg4 28. Ng3 Rf4 29. b6 Bb8 30. Bc1 Rg4 31. h3 Bxa4 32. hxg4 Bxb3 33. Bg5 Bxd1 34. Rxe7 h6 35. Bf6 Bxg4 36. Ne4 1-0

[Event "IECC TH-M-2585"]
[Site "IECC email"]
[Date "2006.01.03"]
[Round "?"]
[White "Cisneros Rivera, Claudi"]
[Black "Owen, Keith"]
[Result "1-0"]
[WhiteElo "1246"]
[BlackElo "1435"]
[PlyCount "67"]
[EventDate "2006.??.??"]
[EventType "match (corr)"]
[EventRounds "2"]
[SourceTitle "Corr 2008"]
[Source "ChessBase"]
[SourceDate "2008.06.24"]
[SourceVersion "1"]
[SourceVersionDate "2008.06.24"]
[SourceQuality "1"]

1. d4 Nf6 2. c4 c5 3. d5 b5 4. cxb5 a6 5. bxa6 Bxa6 6. Nc3 e6 7. e4 exd5 8. Bxa6 dxe4 9. Bb7 Ra7 10. Bd5 Be7 11. Nge2 Nxd5 12. Qxd5 Nc6 13. 0-0 Nb4 14. Qxe4 d5 15. Qf3 0-0 16. Bd2 Qa8 17. a3 d4 18. Ne4 Nd5 19. Rfc1 Rc8 20. Qf5 g6 21. Qf3 f5 22. Ng5 Rd7 23. Qd3 Bd6 24. b4 Qb8 25. bxc5 Bxh2+ 26. Kh1 Bf4 27. Rab1 Qe5 28. Nxf4 Nxf4 29. Qg3 d3 30. c6 Ra7 31. Bxf4 Qe2 32. Rb7 Rxa3 33. Nxh7 Qh5+ 34. Qh3 1-0

[Event "IECC O-2312"]
[Site "IECC email"]
[Date "2005.11.29"]
[Round "?"]
[White "Owen, Keith"]
[Black "Gomes, Luis Roberto"]
[Result "0-1"]
[WhiteElo "1479"]
[BlackElo "1517"]
[PlyCount "74"]
[EventDate "2005.??.??"]
[EventType "swiss (corr)"]
[EventRounds "2"]
[SourceTitle "Corr 2008"]
[Source "ChessBase"]
[SourceDate "2008.06.24"]
[SourceVersion "1"]
[SourceVersionDate "2008.06.24"]
[SourceQuality "1"]

1. e4 c5 2. Nf3 d6 3. d4 cxd4 4. Nxd4 Nf6 5. Nc3 g6 6. Be3 Bg7 7. Bb5+ Bd7 8. 0-0 0-0 9. Qe2 Ng4 10. Bxd7 Qxd7 11. Rad1 Nxe3 12. Qxe3 Nc6 13. Nxc6 bxc6 14. b3 f5 15. exf5 Rxf5 16. Ne4 Qe6 17. c4 Re5 18. Rfe1 d5 19. cxd5 cxd5 20. Ng5 Qf5 21. Qd2 Qxg5 22. Qxg5 Rxg5 23. Rxe7 d4 24. Rc7 Ra5 25. Rd2 Re8 26. g3 Kf8 27. Rd7 Re7 28. Rd8+ Kf7 29. Rc2 Rae5 30. Rc6 R5e6 31. Rc5 Re2 32. Ra5 Be5 33. Ra6 Rd2 34. Ra8 d3 35. R6xa7 Rd1+ 36. Kg2 d2 37. Ra5 Rg1+ 0-1

[Event "IECC Swiss-501.1"]
[Site "IECC email"]
[Date "2005.09.10"]
[Round "?"]
[White "Richard, Andy"]
[Black "Owen, Keith"]
[Result "0-1"]
[WhiteElo "1019"]
[BlackElo "1469"]
[PlyCount "52"]
[EventDate "2005.??.??"]
[EventType "swiss (corr)"]
[EventRounds "1"]
[SourceTitle "Corr 2008"]
[Source "ChessBase"]
[SourceDate "2008.06.24"]
[SourceVersion "1"]
[SourceVersionDate "2008.06.24"]
[SourceQuality "1"]

1. d4 Nf6 2. Bg5 Ne4 3. Bf4 g5 4. Be5 Rg8 5. Qd3 d5 6. f3 f6 7. Bxc7 Qxc7 8. fxe4 dxe4 9. Qxe4 f5 10. Qd3 Nc6 11. Nc3 e5 12. dxe5 Be6 13. 0-0-0 Rd8 14. Qb5 Rxd1+ 15. Kxd1 a6 16. Qa4 Qb6 17. Kc1 Bb4 18. e4 Qe3+ 19. Kb1 fxe4 20. Nge2 Kf7 21. a3 Bxc3 22. bxc3 Rd8 23. c4 Rd1+ 24. Kb2 Nxe5 25. Qb4 Nxc4+ 26. Ka2 Nd2+ 0-1

[Event "IECC TH-M-2499"]
[Site "IECC email"]
[Date "2004.11.26"]
[Round "?"]
[White "Owen, Keith"]
[Black "Roberts, David"]
[Result "1/2-1/2"]
[WhiteElo "1422"]
[BlackElo "1486"]
[PlyCount "72"]
[EventDate "2004.??.??"]
[EventType "match (corr)"]
[EventRounds "2"]
[SourceTitle "Corr 2020"]
[Source "ChessBase"]
[SourceDate "2019.09.30"]
[SourceVersion "1"]
[SourceVersionDate "2019.09.30"]
[SourceQuality "1"]
[WhiteTeam "Wales"]
[BlackTeam "Wales"]
[WhiteTeamCountry "WLS"]
[BlackTeamCountry "WLS"]

1. e4 e5 2. Nf3 Nc6 3. Bb5 a6 4. Ba4 Nf6 5. 0-0 Nxe4 6. d4 b5 7. Bb3 d5 8. dxe5 Be6 9. Nbd2 Nc5 10. c3 d4 11. Bxe6 Nxe6 12. cxd4 Ncxd4 13. Ne4 Be7 14. Be3 Nf5 15. Qc2 0-0 16. Rad1 Nxe3 17. fxe3 Qc8 18. Nd4 Nxd4 19. exd4 Qe6 20. Qxc7 Rac8 21. Qb7 Rc2 22. Rf2 Rxf2 23. Nxf2 f6 24. d5 Qxe5 25. Qxa6 Qxb2 26. Qe6+ Rf7 27. d6 Bd8 28. d7 Qe5 29. Qe8+ Rf8 30. Qxe5 fxe5 31. Ne4 Bb6+ 32. Kh1 Rd8 33. Rd6 Bc7 34. Rd5 Kf7 35. Nc5 Ke7 36. Kg1 Bb6 1/2-1/2

[Event "IECC O-2090"]
[Site "IECC email"]
[Date "2004.11.03"]
[Round "?"]
[White "Owen, Keith"]
[Black "Colton, James"]
[Result "1-0"]
[WhiteElo "1376"]
[BlackElo "1518"]
[PlyCount "27"]
[EventDate "2004.??.??"]
[EventType "swiss (corr)"]
[EventRounds "2"]
[SourceTitle "Corr 2020"]
[Source "ChessBase"]
[SourceDate "2019.09.30"]
[SourceVersion "1"]
[SourceVersionDate "2019.09.30"]
[SourceQuality "1"]
[WhiteTeam "Wales"]
[BlackTeam "United States"]
[WhiteTeamCountry "WLS"]
[BlackTeamCountry "USA"]

1. e4 e5 2. f4 Nc6 3. Nf3 Nf6 4. fxe5 Nxe4 5. d3 Nc5 6. d4 Na6 7. Bb5 Bb4+ 8. c3 Be7 9. d5 Na5 10. b4 Nc4 11. Bxc4 c6 12. d6 Bf8 13. Ng5 Rg8 14. Bxf7# 1-0

[Event "IECC O email"]
[Site "IECC email"]
[Date "2002.10.09"]
[Round "?"]
[White "Owen, Keith"]
[Black "Ringbom, Pasi"]
[Result "1-0"]
[WhiteElo "1307"]
[BlackElo "1402"]
[PlyCount "44"]
[EventDate "2002.??.??"]
[EventType "tourn (corr)"]
[EventRounds "6"]
[SourceTitle "Corr 2008"]
[Source "ChessBase"]
[SourceDate "2008.06.24"]
[SourceVersion "1"]
[SourceVersionDate "2008.06.24"]
[SourceQuality "1"]

1. d4 d5 2. c4 e5 3. Nc3 Nc6 4. cxd5 Nxd4 5. e3 Nf5 6. e4 Nd4 7. f4 Qh4+ 8. g3 Bg4 9. gxh4 Bxd1 10. Kxd1 g6 11. fxe5 0-0-0 12. Be3 Bc5 13. Rc1 Nb3 14. Bxc5 Nxc5 15. Nf3 Nxe4 16. Nxe4 Rxd5+ 17. Kc2 Ne7 18. Bc4 Ra5 19. Bxf7 Nc6 20. Be6+ Kd8 21. Rhd1+ Ke8 22. Rd7 Nb4+ 1-0

[Event "IECC O email"]
[Site "IECC email"]
[Date "2002.08.07"]
[Round "?"]
[White "Michael, Holger"]
[Black "Owen, Keith"]
[Result "1-0"]
[WhiteElo "1362"]
[BlackElo "1317"]
[PlyCount "47"]
[EventDate "2002.??.??"]
[EventType "tourn (corr)"]
[EventRounds "6"]
[SourceTitle "Corr 2008"]
[Source "ChessBase"]
[SourceDate "2008.06.24"]
[SourceVersion "1"]
[SourceVersionDate "2008.06.24"]
[SourceQuality "1"]

1. c4 c5 2. Nf3 Nf6 3. Nc3 Nc6 4. g3 g6 5. Bg2 Bg7 6. 0-0 0-0 7. d4 cxd4 8. Nxd4 Nxd4 9. Qxd4 d6 10. Bg5 Bf5 11. Qe3 Qd7 12. Rad1 Rfc8 13. b3 Bh3 14. Bxh3 Qxh3 15. Bxf6 Bxf6 16. Nd5 Rc5 17. f4 Kg7 18. Nxf6 Kxf6 19. Qd4+ Kf5 20. e4+ Kg4 21. Qg7 Rh5 22. Rd2 f5 23. exf5 Re8 24. fxg6 1-0

[Event "IECC Swiss email"]
[Site "IECC email"]
[Date "2001.12.21"]
[Round "?"]
[White "Lepagnol, Christian"]
[Black "Owen, Keith"]
[Result "1/2-1/2"]
[WhiteElo "1663"]
[BlackElo "1327"]
[PlyCount "88"]
[EventDate "2001.??.??"]
[EventType "tourn (corr)"]
[EventRounds "6"]
[SourceTitle "Corr 2008"]
[Source "ChessBase"]
[SourceDate "2008.06.24"]
[SourceVersion "1"]
[SourceVersionDate "2008.06.24"]
[SourceQuality "1"]

1. d4 Nf6 2. Nf3 e6 3. Bg5 c5 4. e3 Qb6 5. Qc1 cxd4 6. exd4 Nc6 7. c3 Be7 8. Bd3 d5 9. Nbd2 h6 10. Bh4 0-0 11. 0-0 Bd7 12. Ne5 Qc7 13. f4 Rfc8 14. Ndf3 Ne4 15. Bxe7 Nxe7 16. Nxd7 Qxd7 17. Bxe4 dxe4 18. Ne5 Qd6 19. Qe3 f6 20. Ng4 h5 21. Nf2 f5 22. Nh3 Qa6 23. Ng5 Nd5 24. Qh3 g6 25. Qg3 Kg7 26. Qe1 Re8 27. g3 Rac8 28. Rf2 Qb5 29. Qe2 Qc6 30. Re1 b5 31. Rc1 h4 32. g4 Nf6 33. gxf5 exf5 34. Rg2 Nd5 35. Nh3 e3 36. Qh5 Re6 37. Qxf5 Ne7 38. Qd3 Nd5 39. f5 Rf6 40. Re1 Qd7 41. Rf1 Rcf8 42. Nf4 Rxf5 43. Rxg6+ Kh8 44. Rh6+ Kg8 1/2-1/2

[Event "IECC O email"]
[Site "IECC email"]
[Date "2001.11.13"]
[Round "?"]
[White "Harrison, Malcolm"]
[Black "Owen, Keith"]
[Result "0-1"]
[WhiteElo "1356"]
[BlackElo "1233"]
[PlyCount "56"]
[EventDate "2001.??.??"]
[EventType "tourn (corr)"]
[EventRounds "6"]
[SourceTitle "Corr 2008"]
[Source "ChessBase"]
[SourceDate "2008.06.24"]
[SourceVersion "1"]
[SourceVersionDate "2008.06.24"]
[SourceQuality "1"]

1. c4 c6 2. g3 d5 3. cxd5 Nf6 4. Bg2 cxd5 5. d4 Bf5 6. Nc3 e6 7. e3 Nc6 8. Nge2 Bd6 9. 0-0 0-0 10. a3 Rc8 11. f3 Qb6 12. b4 e5 13. Kh1 Rfd8 14. h3 Ne7 15. g4 Be6 16. f4 e4 17. Rb1 Bd7 18. Bb2 Qa6 19. Re1 Bc7 20. a4 Qd3 21. Ng3 Qc4 22. Ba1 Bd6 23. Bf1 Qc7 24. b5 g5 25. Nge2 gxf4 26. exf4 Bxf4 27. Nxf4 Qxf4 28. Bg2 Bxg4 0-1

[Event "IECC TH-T email"]
[Site "IECC email"]
[Date "2001.09.10"]
[Round "?"]
[White "Owen, Keith"]
[Black "Sala, Stefano"]
[Result "0-1"]
[WhiteElo "1253"]
[BlackElo "1343"]
[PlyCount "82"]
[EventDate "2001.??.??"]
[EventType "match (corr)"]
[EventRounds "2"]
[SourceTitle "Corr 2008"]
[Source "ChessBase"]
[SourceDate "2008.06.24"]
[SourceVersion "1"]
[SourceVersionDate "2008.06.24"]
[SourceQuality "1"]

1. e4 e5 2. Nf3 Nc6 3. Bc4 Bc5 4. b4 Bxb4 5. c3 Ba5 6. d4 exd4 7. 0-0 d3 8. Qb3 Qf6 9. Bg5 Qg6 10. Bxd3 d6 11. Nbd2 h6 12. Be3 Bb6 13. Nh4 Qg4 14. Nf5 Nge7 15. Bxb6 axb6 16. Nxe7 Nxe7 17. f4 0-0 18. Rae1 Be6 19. Bc4 Bxc4 20. Nxc4 Nc6 21. Ne3 Qd7 22. Rf2 Rfe8 23. Nd5 Ne7 24. c4 Nxd5 25. cxd5 Qa4 26. Qd3 Qb4 27. Re3 Ra4 28. e5 Rea8 29. Ree2 Qd4 30. Qxd4 Rxd4 31. exd6 cxd6 32. Rd2 Raa4 33. g3 Kh7 34. Rfe2 Kg6 35. h3 b5 36. Kh2 Rxd2 37. Rxd2 Kf5 38. Rb2 Ke4 39. Rxb5 Rxa2+ 40. Kg1 Ra7 41. Kf2 g6 0-1

[Event "IECC TH-T email"]
[Site "IECC email"]
[Date "2001.09.10"]
[Round "?"]
[White "Sala, Stefano"]
[Black "Owen, Keith"]
[Result "1-0"]
[WhiteElo "1355"]
[BlackElo "1241"]
[PlyCount "115"]
[EventDate "2001.??.??"]
[EventType "match (corr)"]
[EventRounds "2"]
[SourceTitle "Corr 2008"]
[Source "ChessBase"]
[SourceDate "2008.06.24"]
[SourceVersion "1"]
[SourceVersionDate "2008.06.24"]
[SourceQuality "1"]

1. e4 e5 2. Nf3 Nc6 3. Bc4 Bc5 4. b4 Bxb4 5. c3 Bc5 6. d4 exd4 7. 0-0 d3 8. Bg5 Nf6 9. e5 d5 10. Bxd3 h6 11. exf6 hxg5 12. fxg7 Rg8 13. Re1+ Ne7 14. Nxg5 Qd6 15. Qh5 Qf6 16. Nf3 Qxg7 17. g3 c6 18. Qe5 Qxe5 19. Nxe5 Bh3 20. Nd2 f6 21. Ng6 Kf7 22. Nxe7 Bxe7 23. Rab1 b5 24. Nb3 Bd7 25. h4 Bd6 26. h5 f5 27. Nd4 Bxg3 28. Bxf5 Bxf5 29. Nxf5 Be5+ 30. Kf1 Kf6 31. Ne7 Kxe7 32. Rxe5+ Kd6 33. Rbe1 Rh8 34. Re6+ Kc5 35. h6 a5 36. Ke2 Rh7 37. Rg1 Raa7 38. f4 Rac7 39. Rgg6 b4 40. cxb4+ axb4 41. Kf3 Kb5 42. f5 c5 43. Kf4 Ra7 44. Re2 d4 45. f6 Raf7 46. Re5 Kc6 47. Ke4 Rf8 48. Re7 Rhh8 49. f7+ Kb5 50. Kd3 Rb8 51. Rc7 Ra8 52. Rb7+ Ka4 53. h7 Ka3 54. Rg8 Kxa2 55. Ra7+ Rxa7 56. Rxh8 Rxf7 57. Ra8+ Kb2 58. h8Q 1-0

[Event "IECC TH-T email"]
[Site "IECC email"]
[Date "2001.06.23"]
[Round "?"]
[White "Viswanathan, Kartik"]
[Black "Owen, Keith"]
[Result "1-0"]
[WhiteElo "1972"]
[BlackElo "1191"]
[PlyCount "39"]
[EventDate "2001.??.??"]
[EventType "match (corr)"]
[EventRounds "2"]
[SourceTitle "Corr 2008"]
[Source "ChessBase"]
[SourceDate "2008.06.24"]
[SourceVersion "1"]
[SourceVersionDate "2008.06.24"]
[SourceQuality "1"]

1. e4 e5 2. d4 exd4 3. c3 dxc3 4. Nxc3 Nc6 5. Nf3 Bb4 6. Bc4 Bxc3+ 7. bxc3 Qe7 8. 0-0 Nf6 9. e5 Nxe5 10. Nxe5 Qxe5 11. Re1 Ne4 12. f3 Qc5+ 13. Qd4 Qxd4+ 14. cxd4 0-0 15. fxe4 d6 16. Bf4 Be6 17. d5 Bg4 18. Rab1 Rfb8 19. e5 Bf5 20. Rb2 1-0

[Event "IECC O email"]
[Site "IECC email"]
[Date "2001.05.14"]
[Round "?"]
[White "Owen, Keith"]
[Black "Hausman, Jack"]
[Result "0-1"]
[WhiteElo "1176"]
[BlackElo "1133"]
[PlyCount "88"]
[EventDate "2001.??.??"]
[EventType "tourn (corr)"]
[EventRounds "6"]
[SourceTitle "Corr 2008"]
[Source "ChessBase"]
[SourceDate "2008.06.24"]
[SourceVersion "1"]
[SourceVersionDate "2008.06.24"]
[SourceQuality "1"]

1. e4 c5 2. c3 e6 3. d4 d5 4. exd5 exd5 5. Be3 cxd4 6. Bxd4 Nc6 7. Bb5 a6 8. Bxc6+ bxc6 9. Nf3 Qe7+ 10. Be3 Bb7 11. 0-0 0-0-0 12. Bb6 Re8 13. Nbd2 Nf6 14. Re1 Qd7 15. Ne5 Qe6 16. Nd3 Qd7 17. Ne5 Qe6 18. Nb3 Ne4 19. Nd3 Qf5 20. f3 Nf6 21. Rxe8+ Nxe8 22. Qd2 Bd6 23. Bc5 Bc7 24. Re1 Qh5 25. h3 Qh4 26. Re7 Qf6 27. Qe2 Nd6 28. Bd4 Qg6 29. Be5 Kd8 30. Bh2 Bb6+ 31. Nd4 Kc8 32. Bxd6 Qxd6 33. Rxf7 g6 34. b4 Qd8 35. Qe6+ Kb8 36. Qe5+ Ka8 37. Qg7 Bc8 38. Ne5 Qg8 39. Qf6 Bb7 40. Nexc6 Qe8 41. Ne5 Bd8 42. Qd6 Bg5 43. f4 Bxf4 44. Qxa6+ Bxa6 0-1

[Event "IECC O email"]
[Site "IECC email"]
[Date "2001.02.26"]
[Round "?"]
[White "Owen, Keith"]
[Black "Pattyn, Kurt"]
[Result "1/2-1/2"]
[WhiteElo "1132"]
[BlackElo "1060"]
[PlyCount "96"]
[EventDate "2001.??.??"]
[EventType "tourn (corr)"]
[EventRounds "6"]
[SourceTitle "Corr 2008"]
[Source "ChessBase"]
[SourceDate "2008.06.24"]
[SourceVersion "1"]
[SourceVersionDate "2008.06.24"]
[SourceQuality "1"]

1. Nc3 e5 2. e4 Nf6 3. Nf3 d6 4. Bc4 Nc6 5. 0-0 Bd7 6. d4 exd4 7. Nxd4 Nxd4 8. Qxd4 Be7 9. f3 0-0 10. Be3 Be6 11. Rad1 c5 12. Qd3 a6 13. Nd5 Bxd5 14. Bxd5 Nxd5 15. Qxd5 Qc7 16. Rfe1 Rad8 17. c3 Bf6 18. Bf4 Be5 19. Bg5 Bf6 20. Bxf6 gxf6 21. Qf5 Qe7 22. Qh3 b5 23. Qg3+ Kh8 24. Qh4 c4 25. Qh5 Rg8 26. f4 a5 27. Rd5 Qd7 28. Rxb5 Rb8 29. Rxb8 Rxb8 30. Qxa5 Rxb2 31. a4 Qg4 32. Qa8+ Kg7 33. e5 Qxf4 34. exf6+ Qxf6 35. Qe4 Qf2+ 36. Kh1 Qf6 37. Qxc4 Qg6 38. Qd5 Rb1 39. Rg1 Rxg1+ 40. Kxg1 Qb1+ 41. Kf2 Qc2+ 42. Kf1 Qxa4 43. Qg5+ Kf8 44. Qd8+ Kg7 45. Qxd6 Qa1+ 46. Kf2 Qxc3 47. Qg3+ Qxg3+ 48. Kxg3 Kg6 1/2-1/2

[Event "IECC TH-T email"]
[Site "IECC email"]
[Date "2001.01.22"]
[Round "?"]
[White "Lewis, Warren E"]
[Black "Owen, Keith"]
[Result "0-1"]
[WhiteElo "994"]
[BlackElo "1040"]
[PlyCount "24"]
[EventDate "2001.??.??"]
[EventType "match (corr)"]
[EventRounds "2"]
[SourceTitle "Corr 2008"]
[Source "ChessBase"]
[SourceDate "2008.06.24"]
[SourceVersion "1"]
[SourceVersionDate "2008.06.24"]
[SourceQuality "1"]

1. e4 e5 2. Nf3 Nc6 3. Bc4 Bc5 4. b4 Bxb4 5. c3 Bd6 6. d4 Nf6 7. Bg5 h6 8. Bxf6 Qxf6 9. 0-0 Na5 10. dxe5 Bxe5 11. Nxe5 Qxe5 12. Bb5 Qxb5 0-1

[Event "IECC O email"]
[Site "IECC email"]
[Date "2000.09.17"]
[Round "?"]
[White "Owen, Keith"]
[Black "Butler, George Malcolm"]
[Result "1-0"]
[WhiteElo "1152"]
[BlackElo "1121"]
[PlyCount "51"]
[EventDate "2000.??.??"]
[EventType "tourn (corr)"]
[EventRounds "6"]
[SourceTitle "Corr 2008"]
[Source "ChessBase"]
[SourceDate "2008.06.24"]
[SourceVersion "1"]
[SourceVersionDate "2008.06.24"]
[SourceQuality "1"]

1. e4 e5 2. Nf3 Nc6 3. c3 Nf6 4. d4 d6 5. Nbd2 Be7 6. d5 Nb8 7. Bd3 Nbd7 8. Bb5 0-0 9. 0-0 Nc5 10. Qc2 Bg4 11. b4 Ncd7 12. h3 Nb6 13. hxg4 Nxg4 14. Rd1 Bh4 15. g3 Be7 16. a4 a6 17. Be2 c6 18. dxc6 bxc6 19. a5 Nd7 20. Nc4 Qc7 21. Nh4 Ngf6 22. Nf5 Nb8 23. Be3 d5 24. Nxe7+ Qxe7 25. Nb6 Ra7 26. Bc5 1-0

[Event "IECC TH-T email"]
[Site "IECC email"]
[Date "2000.05.16"]
[Round "?"]
[White "Cherner, Lyle"]
[Black "Owen, Keith"]
[Result "1-0"]
[WhiteElo "1281"]
[BlackElo "1009"]
[PlyCount "57"]
[EventDate "2000.??.??"]
[EventType "match (corr)"]
[EventRounds "2"]
[SourceTitle "Corr 2008"]
[Source "ChessBase"]
[SourceDate "2008.06.24"]
[SourceVersion "1"]
[SourceVersionDate "2008.06.24"]
[SourceQuality "1"]

1. e4 e6 2. d4 d5 3. Nd2 Nf6 4. e5 Nfd7 5. Bd3 c5 6. c3 Nc6 7. Ngf3 g6 8. 0-0 f6 9. exf6 cxd4 10. Nxd4 Qxf6 11. N2f3 e5 12. Re1 h6 13. Nxc6 bxc6 14. Be3 Be7 15. Qa4 Kd8 16. c4 Bb7 17. cxd5 cxd5 18. Qa5+ Ke8 19. Qc7 Bc8 20. Bb5 Qd6 21. Qc6 Rb8 22. Nxe5 Qxc6 23. Bxc6 Rh7 24. Nxg6 Kd8 25. Nxe7 Rxe7 26. Bxh6 Rxe1+ 27. Rxe1 Nf6 28. Bg5 Rb6 29. Bxd5 1-0